| 000 | 00402nam a2200145Ia 4500 | ||
|---|---|---|---|
| 005 | 20240821155109.0 | ||
| 008 | 240821s9999||||xx |||||||||||||| ||und|| | ||
| 082 | _a728.076 KEF | ||
| 100 | _aKefford, Colin W. | ||
| 245 | 0 | _aHouse and their history workbooklet | |
| 260 |
_aLondon _bBlandford Press _c1970 |
||
| 300 | _aVarious page | ||
| 650 | _aARTS,CRAFTS,MUSIC,SPORTS AND RECREATIONS | ||
| 942 | _cBK | ||
| 999 |
_c97333 _d97333 |
||